000 00629nam a22001697a 4500
999 _c12324
_d12324
008 190122b ||||| |||| 00| 0 eng d
082 _22018
_aUT 1154
_bN79
100 _aNomio, Crismarie A.
_934816
245 _aMotivational teaching strategies of english teachers in UMDC /
_cCrismarie A. Nomio, Emma Pil V. Zuñiga, and Racilyn D. Llaga
260 _aDigos City:
_bUMDC
_cNovember 2018.
300 _a58 pages;
_c30 cm.
650 _aEducation
_vEnglish
_xUndergraduate thesis.
_934817
700 _aNomio, Crismarie A.
_934816
700 _aZuñiga, Emma Pil V.
_934818
700 _aLlaga, Racilyn D.
_934819
942 _2ddc
_cUT